000 00475nam a22001817a 4500
003 OSt
005 20180116183051.0
008 160815b xxu||||| |||| 00| 0 eng d
020 _a9789699468001
040 _c0
082 _a338.9 CHA 2010
100 _aChand, Prof.Basir
245 _aPublic Policy :
_bConceptual Framework
_cProf.Basir Chand
260 _aLahore
_bStatesman Institute
_cc 2010
300 _a258 p.
_bHB
440 _aPublic Policy :
942 _2ddc
_cBK
999 _c351648
_d351648